Nell O'Dell hates quests / [written & illustrated ... Read More
Available copies
- 2 of 2 copies available at LARL/NWRL Consortium.
- 2 of 2 copies available at Lake Agassiz Regional Library. (Show preferred library)
Current holds
0 current holds with 2 total copies.
Show All Copies
| Location | Call Number / Copy Notes | Barcode | Shelving Location | Status | Due Date |
|---|---|---|---|---|---|
| Ada Public Library | J MAR (Text) | 33500014370829 | New | Available | - |
| Bagley Public Library | J MAR (Text) | 33500014370837 | New | Available | - |
Record details
- ISBN: 9781536243314
- ISBN: 1536243310
- Physical Description: 324 pages : illustrations, maps ; 22 cm
- Edition: First edition.
- Publisher: Somerville, Massachusetts : Candlewick Press, 2026.
- Copyright: ©2026
Content descriptions
| Summary, etc.: | "Nell O'Dell yearns for a quiet life tending her ... Read More |
Search for related items by subject
| Genre: | Action and adventure fiction. Fantasy fiction. |
Search for related items by series
| LDR | 03271cam a2200577 i 4500 | ||
|---|---|---|---|
| 001 | 484079 | ||
| 003 | LARL_NWRL_CONSORTIUM | ||
| 005 | 20260504162741.0 | ||
| 008 | 260407t20262026mauab c 000 1 eng d | ||
| 040 | . | ‡aRB0 ‡beng ‡erda ‡cRB0 ‡dRB0 ‡dOCLCO ‡dJCX ‡dGO3 ‡dDCB ‡dOTP ‡dCHILD | |
| 020 | . | ‡a9781536243314 ‡q(hardcover) | |
| 020 | . | ‡a1536243310 | |
| 035 | . | ‡a(OCoLC)1583406212 | |
| 082 | 0 | 4. | ‡aMARTI |
| 100 | 1 | . | ‡aMartin, Emily B., ‡eauthor, ‡eillustrator. ‡1https://id.oclc.org/worldcat/entity/E39PCjwhPXWJgYHcYY4hqCkxDq |
| 245 | 1 | 0. | ‡aNell O'Dell hates quests / ‡c[written & illustrated by] Emily B. Martin. |
| 250 | . | ‡aFirst edition. | |
| 250 | . | ‡aReinforced trade edition. | |
| 264 | 1. | ‡aSomerville, Massachusetts : ‡bCandlewick Press, ‡c2026. | |
| 264 | 4. | ‡c©2026 | |
| 300 | . | ‡a324 pages : ‡billustrations, maps ; ‡c22 cm | |
| 336 | . | ‡atext ‡2rdacontent | |
| 337 | . | ‡aunmediated ‡2rdamedia | |
| 338 | . | ‡avolume ‡2rdacarrier | |
| 490 | 0 | . | ‡aGolden Crossroads ; ‡v1 |
| 520 | . | ‡a"Nell O'Dell yearns for a quiet life tending her garden and caring for her chickens. Unfortunately, her family runs the bustling Crossroads Inn-accommodating all species of patron from fairies to fauns to half-giants, most of them questers on their way to seek glory and fortune. What's more, her parents are retired questers themselves, and everyone assumes that Nell will follow in their footsteps. Then the day comes when a letter arrives from the government, threatening the Inn and all that Nell holds dear, and someone needs to go on a short journey to the capital to take care of it. Nell is the only one available-but that's fine, because it's just a boring business trip, not a quest! Even if she does find herself up against an excitable travel partner, a thief in the night, a stolen treasure, and a mysterious knife . . . Lively black-and-white illustrations by the author embellish this breezy, bighearted adventure that will satisfy both longtime questers and first-time visitors to the genre"-- ‡cProvided by publisher. | |
| 650 | 0. | ‡aElves ‡vJuvenile fiction. | |
| 650 | 0. | ‡aTaverns (Inns) ‡vJuvenile fiction. | |
| 650 | 0. | ‡aQuests (Expeditions) ‡vJuvenile fiction. | |
| 650 | 0. | ‡aThreats ‡vJuvenile fiction. | |
| 650 | 0. | ‡aRight of property ‡vJuvenile fiction. | |
| 650 | 0. | ‡aDeeds ‡vJuvenile fiction. | |
| 650 | 0. | ‡aTheft ‡vJuvenile fiction. ‡0(LARL_NWRL_CONSORTIUM)175564 | |
| 650 | 1. | ‡aElves ‡vFiction. ‡0(LARL_NWRL_CONSORTIUM)169235 | |
| 650 | 1. | ‡aTaverns (Inns) ‡vFiction. | |
| 650 | 1. | ‡aQuests (Expeditions) ‡vFiction. ‡0(LARL_NWRL_CONSORTIUM)166982 | |
| 650 | 1. | ‡aThreats ‡vFiction. | |
| 650 | 1. | ‡aLand tenure ‡vFiction. ‡0(LARL_NWRL_CONSORTIUM)165876 | |
| 650 | 1. | ‡aStealing ‡vFiction. | |
| 650 | 7. | ‡aJUVENILE FICTION / Fantasy & Magic. ‡2bisacsh | |
| 655 | 7. | ‡aAction and adventure fiction. ‡2lcgft | |
| 655 | 7. | ‡aFantasy fiction. ‡2lcgft | |
| 901 | . | ‡a484079 ‡bOCoLC ‡c484079 ‡tbiblio ‡soclc | |

Add to basket
Permalink
Disable Highlighting